la Macédoine : le chemin de fer de Bagdad /

محفوظ في:

المؤلف الرئيسي: Chéradame, André, 1871-1948.

التنسيق: كتاب

اللغة: French

منشور في: Paris : Plon-Nourrit, 1903.

سلاسل: La question d'Orient.

الموضوعات:

الوسوم: إضافة وسم

لا توجد وسوم, كن أول من يضع وسما على هذه التسجيلة!

رقم الطلب: D465 .C45 1903

LEADER 00674nam a2200217Ia 4500
003 OSt
005 20251204085227.0
008 220401s1903 fr bf 000 0 fre d
040 |c ARCE Library 
050 4 |a D465 .C45 1903 
100 1 |a Chéradame, André,   |d 1871-1948. 
245 1 0 |a la Macédoine :   |b le chemin de fer de Bagdad /   |c André Chéradame. 
264 1 |a Paris :   |b Plon-Nourrit,   |c 1903. 
300 |a xv, 397 pages, [3] folded leaves of plates :   |b 6 maps ;   |c 19 cm. 
490 0 |a La question d'Orient. 
610 2 0 |a Bagdad Railway. 
650 0 |a Eastern question (Balkan). 
650 0 |a Macedonian question. 
901 |a reviewed 
942 |2 lcc  |c BK 
999 |c 47087  |d 47087